| 000 | 00791na a2200277 4500 | ||
|---|---|---|---|
| 001 | 16508 | ||
| 003 | MIRAKIL | ||
| 005 | 20181213155004.0 | ||
| 008 | 161012b tu 000 0 | ||
| 020 | _a9786058617605 | ||
| 035 | _a16508 | ||
| 040 |
_aMilas _btur _cTR-AnCHP |
||
| 041 | _atur | ||
| 082 |
_a956.53519 _bA12h 2013 |
||
| 090 | _a956.53519 A12h 2013 | ||
| 100 | _aAcar, İsmail Hakkı | ||
| 245 |
_aHer yönüyle Zara _cİsmail Hakkı Acar |
||
| 260 |
_aİstanbul _bAnadolu Kültür Kitaplığı _c2013 |
||
| 300 |
_a264 s. _bfotg. _c24 sm. |
||
| 651 |
_aZara (Sivas) _xGezi ve tanıtım |
||
| 651 |
_aZara (Sivas) _xSosyal yaşam ve gelenekler |
||
| 651 |
_aZara (Sivas) _xTarih |
||
| 651 |
_aZara (Sivas) _xHalkbilim |
||
| 651 |
_aSivas _xTarih _zZara |
||
| 942 |
_2ddc _cBKS |
||
| 999 |
_c4383 _d4383 |
||